[Event "SLO-ch U16"]
[Site "Celje"]
[Date "2004.02.22"]
[Round "1"]
[White "Gabersek, Mitja"]
[Black "Debevec, Blaz"]
[Result "0-1"]
[WhiteElo "1500"]
[BlackElo "1623"]
[PlyCount "70"]
[EventDate "2004.02.22"]
[EventType "swiss"]
[EventRounds "9"]
[EventCountry "SLO"]
[SourceTitle "EXT 2008"]
[Source "ChessBase"]
[SourceDate "2007.11.25"]
[SourceVersion "1"]
[SourceVersionDate "2007.11.25"]
[SourceQuality "1"]

1. e4 e6 2. Nf3 c5 3. Nc3 Nc6 4. d4 cxd4 5. Nxd4 Nf6 6. Nxc6 bxc6 7. Bd3 d5 8. e5 Nd7 9. f4 Bb4 10. 0-0 Bxc3 11. bxc3 Qb6+ 12. Kh1 Ba6 13. Qe2 Bxd3 14. cxd3 0-0 15. Be3 c5 16. Rab1 Qc7 17. d4 c4 18. Qg4 Rfb8 19. Rxb8+ Rxb8 20. h3 Qa5 21. Rc1 Qxa2 22. Rg1 Rb1 23. f5 Rxg1+ 24. Bxg1 exf5 25. Qxf5 Nf8 26. Kh2 a5 27. Qc8 Qc2 28. Qc5 Qxc3 29. Qxd5 a4 30. Qe4 a3 31. d5 Qd3 32. Qe3 Qxe3 33. Bxe3 c3 34. Bd4 c2 35. Be3 a2 0-1